000 00742nam a2200217Ii 4500
003 JO-AjNU
008 230605s9999||||xx |||||||||||||| ||und||
017 _a1999/7/1190
040 _aJO-AjNU
_bara
_erda
_cJO-AjNU
041 _aara
050 1 4 _aQA76.73.P2 R3366 1999
100 3 _aرحو، غازي/ م . مشارك ابراهيم تائب ,
_eauthor
_928275
245 0 0 _aمدخل الى علم الحاسوب والبرمجة بلغة باسكال
250 _aط1
264 3 1 _aعمان:دار المناهج ، 1999
300 _a451ص
336 _atext
_btxt
_2rdacontent
337 _aunmediated
_bn
_2rdamedia
338 _avolume
_bnc
_2rdacarrier
650 4 _aالحاسبات الالكترونية - لغات  
_928276
999 _aA10946
_c14514
_d14514